Playing it my way : (Record no. 9287)

MARC details
000 -LEADER
fixed length control field 00623cam a2200205ua 4500
008 - FIXED-LENGTH DATA ELEMENTS--GENERAL INFORMATION
fixed length control field 180312n ii |||gr||||Z||||||asm
020 ## - INTERNATIONAL STANDARD BOOK NUMBER
International Standard Book Number 9788186385999
040 ## - CATALOGING SOURCE
Transcribing agency MAIN
082 ## - DEWEY DECIMAL CLASSIFICATION NUMBER
Classification number 920
100 ## - MAIN ENTRY--PERSONAL NAME
Personal name Tendulkar, Sachin,
Relator term
245 ## - TITLE STATEMENT
Title Playing it my way :
Remainder of title my autobiography (A) /
Statement of responsibility, etc. By Sachin Tendulkar .
250 ## - EDITION STATEMENT
Edition statement 1st ed.
260 ## - PUBLICATION, DISTRIBUTION, ETC.
Place of publication, distribution, etc. [s.l]:
Name of publisher, distributor, etc. Assam publishing company,
Date of publication, distribution, etc. 2014.
Place of publication, distribution, etc. [s.l]:
Name of publisher, distributor, etc. Hachette India,
Place of publication, distribution, etc. Guwahati:
300 ## - PHYSICAL DESCRIPTION
Extent 452p.
700 ## - ADDED ENTRY--PERSONAL NAME
Personal name Majumdar, Boria,
Relator term
700 ## - ADDED ENTRY--PERSONAL NAME
Personal name Bezbaruah, Ashwini,
Relator term
942 ## - ADDED ENTRY ELEMENTS (KOHA)
Koha item type Books
653 ## - INDEX TERM--UNCONTROLLED
Uncontrolled term Biography, genealogy & insignia
Holdings
Withdrawn status Lost status Damaged status Not for loan Home library Current library Shelving location Date acquired Total Checkouts Full call number Barcode Date last seen Date last checked out Copy number Price effective from Koha item type
        Central Library, Naharkatiya College Central Library, Naharkatiya College General Stacks 19/09/2020 1 920 | TEN 24390 01/02/2021 28/11/2020 1 19/09/2020 Books
        Central Library, Naharkatiya College Central Library, Naharkatiya College General Stacks 19/09/2020 1 920 | TEN 24391 28/03/2024 04/03/2024 2 19/09/2020 Books

Naharkatiya College © 2020. All rights reserved.

Powered By